Chế tạo và khảo sát phổ phát quang của vật liệu ZnS

Tổng quan về lý thuyết phát quang. Bản chất phát quang của photpho tinh thể. Photpho loại Sunfua kẽm. Thí nghiệm. Kết quả và nhận xét

Đã lưu trong:
Sonraí Bibleagrafaíochta
Príomhúdar: Nguyễn, Thị Ái
Údair Eile: Nguyễn, Văn Cường Th.S (Hướng dẫn)
Formáid: Leabhar
Teanga:Vietnamese
Foilsithe: Đại học Đà Nẵng Trường đại học Sư Phạm 2007
Sraith:Khóa luận tốt nghiệp đại học. Chuyên ngành: Sư phạm Lý
Ábhair:
Clibeanna: Cuir Clib Leis
Gan Chlibeanna, Bí ar an gcéad duine leis an taifead seo a chlibeáil!
Thư viện lưu trữ: Mạng thư viện Đại học Đà Nẵng
LEADER 01444nam a2200349 4500
001 000012198
003 8491
005 20120216140214.0
008 120216s2007 viesd
041 |a vie 
072 |a Khóa luận tốt nghiệp 
082 |a 535.01  |b NG-A 
100 |a Nguyễn, Thị Ái 
245 |a Chế tạo và khảo sát phổ phát quang của vật liệu ZnS  |c Nguyễn, Thị Ái 
260 |a Đại học Đà Nẵng  |b Trường đại học Sư Phạm  |c 2007 
300 |a 39 tr.  |c 29 cm 
490 |a Khóa luận tốt nghiệp đại học. Chuyên ngành: Sư phạm Lý 
500 |a Tham khảo 39 
520 |a Tổng quan về lý thuyết phát quang. Bản chất phát quang của photpho tinh thể. Photpho loại Sunfua kẽm. Thí nghiệm. Kết quả và nhận xét 
653 |a Khóa luận tốt nghiệp đại học 
653 |a Khoa Vật lý 
700 |a Nguyễn, Văn Cường  |c Th.S  |e Hướng dẫn 
OWN |a LSP 
AVA |a UDN50  |b LSP  |d 535.01 NG-A  |e available  |t Error 5001 Not defined in file expand_doc_bib_avail.  |f 1  |g 0  |h N  |i 0  |k 1 
999 |a From the UDN01 
AVA |a UDN50  |b LSP  |d 535.01 NG-A  |e available  |t Error 5001 Not defined in file expand_doc_bib_avail.  |f 1  |g 0  |h N  |i 0  |k 1 
TYP |a Monograph 
TYP |a Printed language 
980 |a Mạng thư viện Đại học Đà Nẵng